Model procedures for the management of land contamination (CLR 11) (Record no. 103181)

MARC details
000 -LEADER
fixed length control field 01101cam a2200217 4500
001 - CONTROL NUMBER
control field J124224
008 - FIXED-LENGTH DATA ELEMENTS--GENERAL INFORMATION
fixed length control field 031103n2003 000 0 eng u
035 ## - SYSTEM CONTROL NUMBER
System control number (Sirsi) u124224
041 ## - LANGUAGE CODE
Language code of text/sound track or separate title eng
050 ## - LIBRARY OF CONGRESS CALL NUMBER
Classification number 333.73
-- 18
110 ## - MAIN ENTRY--CORPORATE NAME
Corporate name or jurisdiction name as entry element England and Wales
Subordinate unit Environment Agency
9 (RLIN) 2469
245 ## - TITLE STATEMENT
Title Model procedures for the management of land contamination (CLR 11)
260 ## - PUBLICATION, DISTRIBUTION, ETC.
Place of publication, distribution, etc. Bristol
Name of publisher, distributor, etc. Environment Agency
Date of publication, distribution, etc. 2003
520 ## - SUMMARY, ETC.
Summary, etc. The model procedures for management of land contamination are intended to provide the framework for a structured technical process for informing decisions about land contamination. This consultation seeks industry feedback on the draft model procedures before their publication. The consultation closes on 21 November 2003. View at www.environment-agency.gov.uk.
650 ## - SUBJECT ADDED ENTRY--TOPICAL TERM
Topical term or geographic name entry element CONTAMINATED LAND
650 ## - SUBJECT ADDED ENTRY--TOPICAL TERM
Topical term or geographic name entry element ENVIRONMENTAL MANAGEMENT
650 ## - SUBJECT ADDED ENTRY--TOPICAL TERM
Topical term or geographic name entry element RISK ASSESSMENT
690 ## - LOCAL SUBJECT ADDED ENTRY--TOPICAL TERM (OCLC, RLIN)
Topical term or geographic name as entry element ENVIRONMENT-CONTAMINATION
856 ## - ELECTRONIC LOCATION AND ACCESS
Uniform Resource Identifier <a href="https://www.environment-agency.gov.uk/static/documents/model_procedures_881483.pdf">https://www.environment-agency.gov.uk/static/documents/model_procedures_881483.pdf</a>
Public note View the document on the Environment Agency website.
942 ## - ADDED ENTRY ELEMENTS (KOHA)
Suppress in OPAC 0
Holdings
Withdrawn status Lost status Source of classification or shelving scheme Damaged status Not for loan Home library Current library Shelving location Date acquired Total Checkouts Full call number Barcode Date last seen Copy number Price effective from Koha item type
    Dewey Decimal Classification     Virtual Virtual Online 03/11/2003   ONLINE PUBLICATION 124224-2001 06/08/2019 1 06/08/2019 Book